Loading...
| Literature - European | 0 | 5 | 0 | 1 | 50 | 55 | 86.80 | 0 | 3 | 10.14 | 21.88 |
| Literature - British | 0 | 4 | 0 | 0 | 40 | 69 | 79.00 | 0 | 3 | 9.99 | 21.88 |
| Literature - World | 0 | 4 | 1 | 0 | 35 | 18 | 56.50 | 1 | 3 | 16.60 | 23.36 |
| Literature - American | 0 | 3 | 1 | 0 | 25 | 61 | 88.00 | 0 | 1 | 6.74 | 15.03 |
| Mythology | 0 | 2 | 0 | 0 | 20 | 52 | 69.00 | 0 | 2 | 6.06 | 13.54 |
| Religion | 0 | 1 | 0 | 0 | 10 | 91 | 91.00 | 0 | 1 | 1.96 | 5.95 |
| Fine Arts - Classical Music | 0 | 1 | 0 | 1 | 10 | 112 | 112.00 | 0 | 0 | 0.00 | 1.04 |
| Science - Chemistry | 0 | 1 | 0 | 1 | 10 | 101 | 101.00 | 0 | 0 | 0.54 | 8.33 |
| Fine Arts - Other | 0 | 1 | 0 | 1 | 10 | 108 | 108.00 | 0 | 0 | 0.00 | 1.19 |
| Geography | 0 | 1 | 0 | 0 | 10 | 72 | 72.00 | 0 | 1 | 5.26 | 14.29 |
| Philosophy | 0 | 1 | 0 | 0 | 10 | 65 | 65.00 | 0 | 1 | 4.53 | 12.50 |
| Pop Culture | 0 | 1 | 0 | 0 | 10 | 15 | 15.00 | 1 | 1 | 17.27 | 20.00 |